000 01621nam a2200349 c 4500
003 BLK
005 20240402093936.0
008 180409b bul|||||r ||||||| ||bul||
010 _aKNG00122605000
040 _aBLK
041 _aBUL
_cBUL
080 _aМузиканти-творци, композитори
_b78.071.1
_x(497.2)(092)
_z78.071.1(497.2)(092)
080 _aБългарски композитор, музикален критик, диригент, педагог и общественик
_b929 Големинов, Марин Петров
_x
_z929 Големинов, Марин Петров
100 _aАрнаудова, Боянка Апостолова
_g1941
_dМузиколог, музикален критик и педагог.
_9271527
139 _aАрнаудова, Боянка Апостолова
_bГ 63
245 1 0 _aМарин Големинов
_bМоногр.
_cБоянка Апостолова Арнаудова.
257 _aBGR
260 София
_bНаука и изкуство
_c1968
300 _a100 с., 1 л. порт.
_c16 см
380 _a7
490 1 _aБългарски композитори
650 4 _aКомпозитори, български - биографии
_9261390
653 _aкомпозитори
653 _aбиографии
653 _aБългария
852 _aЦб І 10628
856 4 _qpdf
_u
856 4 _qpdf
_u
942 _cKNG
_n0
944 _aCR
_c01.04.2011
_lГеновева Генчева
_k30560
944 _aED
_c21.10.2016
_lдобави в АБ / 31.03.2011
_kИрена_Линкова
999 _c117031
_d117031